Регионална библиотека "Любен Каравелов" - Русе

Тръмп (Запис номер 62780)

MARC детайли
000 -Лидер
Контролно поле с фиксирана дължина 02379nam a2200457 c 4500
003 - Код на организацията, давaща контролен номер
Контролно поле BLK
005 - Дата и час на последна редакция
Контролно поле 20231103005130.0
008 - Елементи от данни с фиксирана дължина
fixed length control field 180408b bul|||||r ||||||| ||bul||
010 ## - Наследен системен номер
LC control number KNG00067005000
020 ## - Международен стандартен номер на книга ISBN
Международен стандартен номер на книга ISBN 954-26-0257-Х
-- издат.: Хермес
040 ## - Източник на каталожния запис
Идентификатор на билиотеката - собственик на записа BLK
041 ## - Код за език
Код за езика на текст/звукозапис или на отделно заглавие Български
Код за езика КДБФ Български
080 ## - УДК
Текстов определител УДК Икономическо положение. Икономическа политика. Управление. Планиране. Производство. Услуги. Цени
УДК код - определител по УДК 338
УДК определител (73)(092)
УДК - код + определител 338(73)(092)
080 ## - УДК
Текстов определител УДК Икономическа психология. Икономическо поведение. Физиологични и психологични елементи. Интереси. Икономически дух
УДК код - определител по УДК 330.16
УДК определител
УДК - код + определител 330.16
080 ## - УДК
Текстов определител УДК Американски милиардер, предприемач
УДК код - определител по УДК 929 Тръмп, Доналд Дж.
УДК определител
УДК - код + определител 929 Тръмп, Доналд Дж.
100 1# - Редна дума - Автор
Автор Тръмп, Доналд Дж.
Авторска отговорност първи автор
R(LIN) 368202
139 ## - Редно поле
Редна дума Тръмп, Доналд Дж.
Авторски знак Тру - Т 87
245 10 - Сведения за заглавието
Заглавие Тръмп
Подзаглавни данни Как да станеш богат
Редно поле (дума) Доналд Дж. Тръмп; съавт. Мередит Макайвър; прев. от англ. Огнян Иванов Алтънчев.
257 ## - Страна на издаване
Страна на създаване/издаване Съединени американски щати
260 ## - Област на издателските данни
-- Пловдив
Име на издателя, разпространителя и проч. Хермес
Година на издаване 2005
300 ## - Физическа характеристика
Страници 271 с.
Илюстрации и др. с ил., портр.
Размери/Мащаб 21 см
380 ## - Жанр
Жанр Обществени науки
500 ## - Общи забележки
Забележка Ориг. загл. Trump : How to Get Rich / Donald J. Trump, Meredith McIver. - Съдържа и За авторите. - Офс. изд.
600 14 - Име на лице, използвано като предмет
За него / За нея Тръмп, Доналд Дж.
9 (RLIN) 368202
650 #4 - Допълнително описание по предмет – тема
Основно описание – тема или топоним Предприемачество - биографии
9 (RLIN) 265780
650 #4 - Допълнително описание по предмет – тема
Основно описание – тема или топоним Икономическо поведение
9 (RLIN) 245306
650 #4 - Допълнително описание по предмет – тема
Основно описание – тема или топоним Тръмп, Доналд Дж.
9 (RLIN) 368202
653 ## - Ключова дума – ненормативна
Ключова дума Доналд Тръмп
653 ## - Ключова дума – ненормативна
Ключова дума предприемачи
653 ## - Ключова дума – ненормативна
Ключова дума бизнесмени
653 ## - Ключова дума – ненормативна
Ключова дума икономическо поведение
653 ## - Ключова дума – ненормативна
Ключова дума биографии
700 1# - Други автори (авторска отговорност)
Лично име Макайвър, Мередит
Автороска отговорност (Описва отношението между автора и произведението) съавт.
9 (RLIN) 263878
700 ## - Други автори (авторска отговорност)
Лично име Алтънчев, Огнян Иванов
Дати, свързани с автора 1949-
9 (RLIN) 365196
852 ## - Местоположение
Форматна сигнатура Цб 228480
856 4# - Електронен адрес и достъп
Електронен формат pdf - файл
Път до файла /url/
856 4# - Електронен адрес и достъп
Електронен формат pdf - файл
Път до файла /url/
942 ## - АРТИКУЛИ
Вид на библиотечния материал Книги
Скрит в OPAC Не
Koha issues (borrowed), all copies 2
944 ## - СЪЗДАВАНЕ И РЕДАКЦИЯ на ЗАПИСА
Създаване/Редакция Създаване
Дата на регистрацията/редакция 06.07.2006
Статус, дата на статуса CRON CRON
Служител, извършил регистрацията/редакцията
944 ## - СЪЗДАВАНЕ И РЕДАКЦИЯ на ЗАПИСА
Създаване/Редакция Редакция
Дата на регистрацията/редакция 26.04.2013
Статус, дата на статуса ф /
Служител, извършил регистрацията/редакцията
999 ## - СИСТЕМНИ КОНТРОЛНИ НОМЕРА
Koha biblionumber 62780
Koha biblioitemnumber 62780
Наличности
Код за отписване Код за изгубен артикул Код за повреда Коз за рестрикции Код за отдаване Артикулен № Име на библиотеката - собственик Име на библиотеката, в която се намира в момента Статус (Текущо местоположение) Дата на вписване в системата Местоположение - отдел Цена в лева Инвентарен номер Систематично азбучна сигнатура Баркод Номер на екземпляра Цена в евро Служебна бележка Служебен тип на артикула
  Не е изгубен Не е повреден без рестрикции ползва се в читалня 104172 Регионална библиотека "Любен Каравелов" Русе Регионална библиотека "Любен Каравелов" Русе Хранилище 2006-07-06 Хранилище 9.99 120000703677 Цб 228480 120000703677 1 5.11 Дост: Dp Вид: Д N: 29 Дата: 06.07.2005 Книги
  Не е изгубен Не е повреден без рестрикции заемане за дома 104173 Регионална библиотека "Любен Каравелов" Русе Регионална библиотека "Любен Каравелов" Русе Заемна - подръчен фонд 2013-04-05 Заемна - подръчен фонд 9.99 120000765640 П 338(092)/Т 87 120000765640 2 5.11 Дост: DA Вид: А N: 4 Дата: 05.04.2013 Дата инв: 05.02.2018 Бележки инв: П2018 Книги
Vip Innovations Ltd, Rousse, Bulgaria 2025